=LDR 00000nam 2200000 4500 =001 INLIS000000000005308 =005 20251013111842 =035 ##$$a 0010-1025000363 =007 ta =008 251013###########################0#ind## =082 ##$$a 304.66 =084 ##$$a 304.66 MAD t =100 #$$a Made Mamas =245 1#$$a Tehnik Perhitungan Angka Kematian Penduduk Propinsi Timor Timur : $b - /$c Made Mamas ; Badan Koordinasi Keluarga Berencana Nasional =260 ##$:$b BKKBN =300 ##$$a 7 hal : $b ilus ; $c 21 cm =650 #4$$a Keluarga Berencana =710 #$$a Badan Koordinasi Keluarga Berencana Nasional =856 ##$$a Perpustakaan Kemendukbangga